| 000 | 01272nam a2200325 a 4500 | ||
|---|---|---|---|
| 001 | 000016786 | ||
| 003 | DO-SdBNP | ||
| 005 | 20250205112416.0 | ||
| 007 | ta | ||
| 008 | 100310s2006 dr d 000 0 spa d | ||
| 020 | _a9945406329 | ||
| 040 |
_aDO-SdBNP _bspa _cBNPHU |
||
| 082 | 4 |
_a362.734 _bC389i _222 |
|
| 100 | 1 |
_aCedeño de Fernández, Margarita _d1965- _937198 |
|
| 245 | 1 | 0 |
_aInfluencia de la situación económica en la adopción de niños, niñas y adolescentes / _cMargarita Cedeño de Fernández ; presentación Ramón Puello Báez. |
| 260 |
_aSanto Domingo : _bBúho, _c2006. |
||
| 300 |
_a161 p. : _bil., cuadros, gráfcs. ; _c23 cm. |
||
| 490 | 1 | _aDespacho Primera Dama | |
| 490 | 1 | _aTemas jurídicos | |
| 500 | _aIncluye datos biográficos de la autora en la solapa de la cubierta | ||
| 504 | _aIncluye referencias bibliográficas y notas al pie de las páginas | ||
| 504 | _aBibliografía : p. 111-113 | ||
| 590 | _aInventariado, 2023 / DG | ||
| 650 | 4 |
_aAdopción _xAspectos económicos _zRepública Dominicana _916857 |
|
| 650 | 4 |
_aAdopción _xLegislación _zRepública Dominicana _983127 |
|
| 830 | 0 |
_aDespacho Primera Dama _937200 |
|
| 830 | 0 |
_aTemas jurídicos _927600 |
|
| 910 | _aDG/Validado. Control de calidad MFF | ||
| 942 |
_2ddc _cLBS1 |
||
| 999 |
_c16318 _d16318 |
||